[Event "Pfaeffikon Acrevis op 2nd"]
[Site "Pfaeffikon"]
[Date "2022.07.29"]
[Round "3"]
[White "Wahl, Peter"]
[Black "Vionnet, Dominique"]
[Result "1-0"]
[WhiteElo "1819"]
[BlackElo "1495"]
[PlyCount "63"]
[EventDate "2022.07.28"]
[EventType "swiss"]
[EventRounds "6"]
[EventCountry "SUI"]
[SourceTitle "EXT 2023"]
[Source "ChessBase"]
[SourceDate "2022.10.05"]
[SourceVersion "1"]
[SourceVersionDate "2022.10.05"]
[SourceQuality "1"]

1. d4 d5 2. c4 c6 3. Nd2 Nf6 4. Ngf3 e6 5. Qc2 Bd6 6. e4 dxe4 7. Nxe4 Be7 8. Nc3 0-0 9. Bd3 c5 10. dxc5 Bxc5 11. Bg5 Nbd7 12. Bxh7+ Kh8 13. Bd3 Qb6 14. 0-0 Ng4 15. Na4 Bxf2+ 16. Rxf2 Qxf2+ 17. Qxf2 Nxf2 18. Kxf2 Re8 19. Re1 Nf6 20. h3 Bd7 21. Nc3 Kg8 22. Ne5 Rad8 23. Bc2 Bc8 24. Ba4 Re7 25. Kg1 a6 26. Ne4 Rd4 27. Nxf6+ gxf6 28. Bxf6 Rc7 29. Bb3 Rf4 30. Ng4 Bd7 31. Be5 Rfxc4 32. Bxc7 1-0